000 00261nam a2200109Ia 4500
999 _c7388
_d7388
020 _a9780130872180
100 _aWells Burnett Moriarty
245 0 _aAdvertising Principles and Practice
260 _aNews Delhi
_bMcGraw-Hill
_c2002
300 _a562
942 _cBK